Guess the station (LRT2) Philippines - Statistics

General Stats
  • This quiz has been taken 44 times
  • The average score is 11 of 13
Answer Stats
LRT 2 % Correct
Antipolo
94%
Marikina-Pasig
90%
Recto
90%
Araneta Center-Cubao
87%
Betty Go-Belmonte
87%
Santolan
81%
V. Mapa
81%
Gilmore
77%
J. Ruiz
77%
Katipunan
77%
Pureza
77%
Legarda
74%
Anonas
71%
No matching quizzes found
Score Distribution
Percent of People with Each Score
Percentile by Number Answered
Your Score History
You have not taken this quiz